000 00854nam a2200253Ia 4500
003 OSt
005 20220930063838.0
006 a|||||r|||| 00| 0
007 ta
008 220926b |||||||| |||| 00| 0 eng d
024 _a3382
037 _cTheses
040 _aCRL
_cCRL
_beng
041 _2eng
_aeng
100 _aChatterjee Partha P
_9523596
110 _aUniversity of Delhi. Faculty of Medical Science. Department of Paediatrics
_9520662
245 0 _aEvaluation of slide coagglutination test in the diagnosis of typhoid fever in children
260 _c1986
650 _aCHILDREN - DISEASES
700 _a Dr Man Mohan Supervisor
_9523111
700 _aUniversity of Delhi. Faculty of Medical Science. Department of Paediatrics
_9520664
942 _cDIS
_2CC
999 _c857378
_d857378